00433nam a2200121 i 4500001000300000245012100003250001100124260002100135040000800156041000800164008004100172856009800213bg 0aSkorowidz przepisów prawnych ogłaszanych w Dzienniku Ustaw i Monitorze Polskim w latach 1918-1939 oraz 1944-1976. aWyd.2. aWarszawa,c1977. cBPK apol s pl f |000 0 pol  uhttp://koha.tu.koszalin.pl/cgi-bin/koha/opac-detail.pl?biblionumber=27656yKatalog online BPK